[Event "CAN-ch U18"]
[Site "Ottawa"]
[Date "2013.07.11"]
[Round "4"]
[White "Zhang, David"]
[Black "Kraiouchkine, Nikita"]
[Result "1/2-1/2"]
[WhiteElo "2280"]
[BlackElo "2334"]
[PlyCount "64"]
[EventDate "2013.07.10"]
[EventType "swiss"]
[EventRounds "6"]
[EventCountry "CAN"]
[SourceTitle "EXT 2022"]
[Source "ChessBase"]
[SourceDate "2021.10.06"]
[SourceVersion "1"]
[SourceVersionDate "2021.10.06"]
[SourceQuality "1"]

1. e4 d5 2. exd5 Qxd5 3. Nc3 Qa5 4. d4 Nf6 5. Bc4 c6 6. Bd2 Bg4 7. f3 Bf5 8. g4 Bg6 9. Nh3 Qd8 10. Qe2 b5 11. Bb3 a5 12. a3 a4 13. Ba2 e6 14. Nf4 Be7 15. 0-0-0 b4 16. axb4 a3 17. h4 axb2+ 18. Kxb2 Na6 19. Bb3 Nxb4 20. h5 Bxc2 21. Bxc2 Qxd4 22. Bb3 0-0 23. Be3 Qe5 24. Bd2 Qc7 25. h6 g6 26. Nxe6 fxe6 27. Qxe6+ Kh8 28. Be3 Qa5 29. Ra1 Qe5 30. g5 Nd3+ 31. Kc2 Nb4+ 32. Kb2 Nd3+ 1/2-1/2

[Event "CAN-ch U20"]
[Site "Calgary"]
[Date "2012.01.08"]
[Round "7"]
[White "Zhang, David"]
[Black "Cao, Jason"]
[Result "1-0"]
[WhiteElo "2227"]
[BlackElo "2053"]
[PlyCount "193"]
[EventDate "2012.01.05"]
[EventType "swiss"]
[EventRounds "7"]
[EventCountry "CAN"]
[SourceTitle "EXT 2022"]
[Source "ChessBase"]
[SourceDate "2021.10.06"]
[SourceVersion "1"]
[SourceVersionDate "2021.10.06"]
[SourceQuality "1"]

1. e4 c5 2. Nf3 d6 3. Bb5+ Nd7 4. 0-0 Ngf6 5. Re1 e5 6. c3 a6 7. Bf1 Be7 8. a4 0-0 9. Na3 b6 10. d4 Bb7 11. d5 Re8 12. g3 Nf8 13. Bh3 Ng6 14. Qd3 Bc8 15. Bxc8 Qxc8 16. Nc4 Qc7 17. Ne3 b5 18. Nf5 c4 19. Qc2 Bf8 20. Be3 Nd7 21. axb5 axb5 22. b4 cxb3 23. Qxb3 Nc5 24. Bxc5 Qxc5 25. Qb4 Rxa1 26. Rxa1 Rc8 27. Qxc5 Rxc5 28. Ra8 Rxc3 29. Kg2 f6 30. Nxd6 b4 31. Rb8 b3 32. Nd2 Rd3 33. N6c4 Kf7 34. Rxb3 Rxb3 35. Nxb3 Bb4 36. Kf3 Nf8 37. Ke3 Nd7 38. Kd3 g6 39. Ne3 Nb6 40. f4 h5 41. fxe5 fxe5 42. Nc4 Nd7 43. Nca5 Bxa5 44. Nxa5 Nc5+ 45. Ke3 Ke7 46. Nc4 Kf6 47. Nb2 Nb7 48. Kd3 Nc5+ 49. Ke3 Nb7 50. Na4 Nd6 51. Nb6 Kg5 52. h3 h4 53. g4 Kh6 54. Nd7 Nf7 55. Nc5 Kg5 56. Ne6+ Kf6 57. Kf3 g5 58. Ke3 Nh8 59. Nc5 Ng6 60. Kd2 Ke7 61. Ne6 Kf6 62. Nc5 Ke7 63. Nd3 Kd6 64. Kc2 Ke7 65. Kc3 Kd6 66. Kc4 Nf4 67. Nf2 Ng2 68. Kb5 Nf4 69. Kc4 Ng2 70. Kb4 Nf4 71. Kb5 Ne2 72. Nd1 Nf4 73. Ne3 Nxh3 74. Nc4+ Ke7 75. Kc6 Nf4 76. Nxe5 h3 77. d6+ Ke8 78. Nf3 Kd8 79. Nxg5 h2 80. Nf7+ Ke8 81. d7+ Kxf7 82. d8Q h1Q 83. Qc7+ Kg8 84. Qxf4 Qb1 85. Kd5 Qb7+ 86. Ke6 Qc8+ 87. Kf6 Qf8+ 88. Kg5 Qg7+ 89. Kh5 Qh7+ 90. Qh6 Qxe4 91. Qg6+ Qxg6+ 92. Kxg6 Kh8 93. Kh6 Kg8 94. g5 Kh8 95. g6 Kg8 96. g7 Kf7 97. Kh7 1-0

[Event "CAN-ch U20"]
[Site "Calgary"]
[Date "2012.01.07"]
[Round "5"]
[White "Zhang, David"]
[Black "Thavandiran, Shiyam"]
[Result "1/2-1/2"]
[WhiteElo "2227"]
[BlackElo "2479"]
[PlyCount "49"]
[EventDate "2012.01.05"]
[EventType "swiss"]
[EventRounds "7"]
[EventCountry "CAN"]
[SourceTitle "EXT 2022"]
[Source "ChessBase"]
[SourceDate "2021.10.06"]
[SourceVersion "1"]
[SourceVersionDate "2021.10.06"]
[SourceQuality "1"]

1. e4 e6 2. d4 d5 3. e5 c5 4. c3 Nc6 5. Nf3 Nh6 6. Bd3 f6 7. 0-0 Nf7 8. exf6 Qxf6 9. Re1 Bd6 10. Be3 c4 11. Bc2 0-0 12. b3 cxb3 13. axb3 Kh8 14. Qd3 g6 15. Nbd2 b6 16. b4 Kg8 17. Nb3 Bb7 18. b5 Ne7 19. Qe2 Nf5 20. Bd2 Rfe8 21. Ne5 Bc7 22. Ra4 Re7 23. Bd3 N5d6 24. f3 Nc8 25. f4 1/2-1/2

[Event "CAN-ch U16"]
[Site "Richmond Hill"]
[Date "2011.07.08"]
[Round "7"]
[White "Ivanov, Mike"]
[Black "Zhang, David"]
[Result "1/2-1/2"]
[WhiteElo "2100"]
[BlackElo "2138"]
[PlyCount "119"]
[EventDate "2011.07.06"]
[EventType "swiss"]
[EventRounds "7"]
[EventCountry "CAN"]
[SourceTitle "EXT 2022"]
[Source "ChessBase"]
[SourceDate "2021.10.06"]
[SourceVersion "1"]
[SourceVersionDate "2021.10.06"]
[SourceQuality "1"]

1. Nc3 d5 2. e4 c6 3. Nf3 Bg4 4. h3 Bxf3 5. Qxf3 e6 6. g3 Nf6 7. Bg2 Nbd7 8. 0-0 Bc5 9. Qd1 d4 10. Ne2 Qc7 11. d3 0-0-0 12. a3 h5 13. b4 Bb6 14. Bb2 e5 15. Bc1 c5 16. Bd2 Kb8 17. a4 cxb4 18. Bxb4 Ba5 19. Rb1 Bxb4 20. Rxb4 Rc8 21. Qb1 h4 22. g4 g5 23. Rc1 Nc5 24. Qb2 Qd7 25. Rb1 Rc7 26. Bf3 Nxa4 27. Qa3 Nc5 28. Ra1 a6 29. Nc1 Rhc8 30. Rab1 Rc6 31. Qa5 Qc7 32. Qa3 Nfd7 33. Qa2 b5 34. Bd1 Nb6 35. Ra1 Nca4 36. Nb3 Rc3 37. Rb1 Qe7 38. Na5 Qe6 39. Rxa4 Nxa4 40. Qxa4 Qb6 41. Nc4 Qe6 42. Qa5 Kb7 43. Kf1 Rc7 44. Ke2 Kc8 45. Nb6+ Kb7 46. Nd5 R7c6 47. Nxc3 Rxc3 48. Qb4 Kb6 49. Ra1 Kb7 50. Qf8 Rc8 51. Qg7 Qe7 52. Qh6 Rc6 53. Qh8 Rc8 54. Qh7 Rc6 55. Ke1 Rg6 56. Qh8 Qb4+ 57. Ke2 Qe7 58. Ra2 Rc6 59. Qg8 Rg6 60. Qh8 1/2-1/2

[Event "Red Deer Battle of Alberta"]
[Site "Red Deer"]
[Date "2010.08.21"]
[Round "2.7"]
[White "Zhang, David"]
[Black "Grumic, Sasha"]
[Result "1-0"]
[WhiteElo "2157"]
[BlackElo "2159"]
[PlyCount "57"]
[EventDate "2010.08.21"]
[EventType "match"]
[EventRounds "2"]
[EventCountry "CAN"]
[SourceTitle "EXT 2022"]
[Source "ChessBase"]
[SourceDate "2021.10.06"]
[SourceVersion "1"]
[SourceVersionDate "2021.10.06"]
[SourceQuality "1"]

1. e4 g6 2. d4 Bg7 3. c3 d6 4. Bd3 Nf6 5. f4 0-0 6. Nf3 c5 7. 0-0 cxd4 8. cxd4 Nc6 9. d5 Nb4 10. Nc3 Qb6+ 11. Kh1 Ng4 12. Na4 Nf2+ 13. Kg1 Nh3+ 14. Kh1 Nxd3 15. Qxd3 Qa5 16. Nc3 b6 17. Qe3 Ba6 18. Re1 Rac8 19. Bd2 Bb7 20. gxh3 f5 21. e5 Rxc3 22. Bxc3 Qxd5 23. Kg2 Rc8 24. Re2 Rc4 25. Rd2 Qc6 26. exd6 Re4 27. Qd3 exd6 28. Bxg7 Rxf4 29. Rf1 1-0

[Event "CAN-ch U16"]
[Site "Windsor"]
[Date "2010.07.08"]
[Round "5"]
[White "Zhang, David"]
[Black "Li, Ruokai David"]
[Result "1-0"]
[WhiteElo "2134"]
[BlackElo "1932"]
[PlyCount "33"]
[EventDate "2010.07.06"]
[EventType "swiss"]
[EventRounds "7"]
[EventCountry "CAN"]
[SourceTitle "EXT 2012"]
[Source "ChessBase"]
[SourceDate "2011.11.24"]
[SourceVersion "1"]
[SourceVersionDate "2011.11.24"]
[SourceQuality "1"]

1. e4 e6 2. d4 d5 3. e5 c5 4. c3 Nc6 5. Nf3 Bd7 6. Bd3 Rc8 7. dxc5 Bxc5 8. b4 Be7 9. 0-0 Qc7 10. Re1 g5 11. b5 Na5 12. Nxg5 Nc4 13. Qh5 Nxe5 14. Bf4 Bd6 15. Bxe5 Bxe5 16. Qxf7+ Kd8 17. Qf8+ 1-0

[Event "CAN-ch U16"]
[Site "Windsor"]
[Date "2010.07.06"]
[Round "2"]
[White "Zhang, David"]
[Black "Wu, Kevin"]
[Result "1-0"]
[WhiteElo "2134"]
[BlackElo "1964"]
[PlyCount "81"]
[EventDate "2010.07.06"]
[EventType "swiss"]
[EventRounds "7"]
[EventCountry "CAN"]
[SourceTitle "EXT 2012"]
[Source "ChessBase"]
[SourceDate "2011.11.24"]
[SourceVersion "1"]
[SourceVersionDate "2011.11.24"]
[SourceQuality "1"]

1. e4 c5 2. Nf3 d6 3. Bb5+ Bd7 4. Bxd7+ Nxd7 5. 0-0 Ngf6 6. Qe2 Qc7 7. c3 g6 8. d4 e6 9. Bf4 Nh5 10. Bg5 h6 11. Be3 Bg7 12. Nbd2 Nhf6 13. Bf4 Nh5 14. Be3 Nhf6 15. a4 0-0 16. h3 g5 17. h4 g4 18. Ne1 Kh8 19. Nd3 Rg8 20. g3 e5 21. d5 Raf8 22. b4 b6 23. Rfb1 h5 24. bxc5 Nxc5 25. Nxc5 bxc5 26. Qa6 Rb8 27. Bg5 Rxb1+ 28. Rxb1 Rb8 29. Rb5 Ne8 30. Nc4 Kh7 31. Na5 Bh6 32. Bxh6 Kxh6 33. Kg2 Nf6 34. Qc6 Qd8 35. Nb7 Qg8 36. Nxd6 Rxb5 37. axb5 Qg6 38. Qxc5 Kh7 39. Qxa7 Kg7 40. Nf5+ Kh7 41. Qe3 1-0

[Event "Wch U14"]
[Site "Kemer"]
[Date "2009.11.22"]
[Round "11"]
[White "Zhang, David"]
[Black "Hajek, Lukas"]
[Result "1-0"]
[WhiteElo "1998"]
[BlackElo "1753"]
[PlyCount "53"]
[EventDate "2009.11.12"]
[EventType "swiss"]
[EventRounds "11"]
[EventCountry "TUR"]
[SourceTitle "EXT 2010"]
[Source "ChessBase"]
[SourceDate "2010.11.25"]
[SourceVersion "1"]
[SourceVersionDate "2010.11.25"]
[SourceQuality "1"]

1. e4 e6 2. d4 d5 3. e5 c5 4. c3 Nc6 5. Nf3 Bd7 6. Be2 Nge7 7. Na3 cxd4 8. cxd4 Nf5 9. Nc2 Qb6 10. 0-0 Be7 11. Bd3 0-0 12. g4 Nh6 13. Bxh6 gxh6 14. Qd2 Kg7 15. g5 hxg5 16. Nxg5 Nxd4 17. Bxh7 Bxg5 18. Qxg5+ Kxh7 19. Qh5+ Kg7 20. Kh1 Rg8 21. Rg1+ Kf8 22. Qh6+ Ke7 23. Qf6+ Kf8 24. Rxg8+ Kxg8 25. Rg1+ Kf8 26. Rg7 Be8 27. Rh7 1-0

[Event "Wch U14"]
[Site "Kemer"]
[Date "2009.11.20"]
[Round "9"]
[White "Zhang, David"]
[Black "Baglan, Esat"]
[Result "1/2-1/2"]
[WhiteElo "1998"]
[BlackElo "1762"]
[PlyCount "35"]
[EventDate "2009.11.12"]
[EventType "swiss"]
[EventRounds "11"]
[EventCountry "TUR"]
[SourceTitle "EXT 2010"]
[Source "ChessBase"]
[SourceDate "2010.11.25"]
[SourceVersion "1"]
[SourceVersionDate "2010.11.25"]
[SourceQuality "1"]

1. e4 c5 2. Nf3 Nc6 3. Bb5 g6 4. 0-0 Bg7 5. c3 Nf6 6. Re1 0-0 7. d4 cxd4 8. cxd4 d5 9. e5 Ne4 10. Nc3 Nxc3 11. bxc3 Qc7 12. Bg5 a6 13. Bf1 Bd7 14. Qd2 Bg4 15. Qf4 Bxf3 16. Qxf3 e6 17. h4 Rac8 18. Rec1 1/2-1/2

[Event "Wch U14"]
[Site "Kemer"]
[Date "2009.11.19"]
[Round "8"]
[White "Cakiroglu, Metin"]
[Black "Zhang, David"]
[Result "0-1"]
[WhiteElo "1722"]
[BlackElo "1998"]
[PlyCount "68"]
[EventDate "2009.11.12"]
[EventType "swiss"]
[EventRounds "11"]
[EventCountry "TUR"]
[SourceTitle "EXT 2010"]
[Source "ChessBase"]
[SourceDate "2010.11.25"]
[SourceVersion "1"]
[SourceVersionDate "2010.11.25"]
[SourceQuality "1"]

1. e4 c6 2. Nc3 d5 3. Nf3 Bg4 4. h3 Bh5 5. g4 Bg6 6. exd5 cxd5 7. d4 e6 8. Bb5+ Nc6 9. Ne5 Qc7 10. Qe2 Bb4 11. h4 a6 12. Bxc6+ bxc6 13. h5 Be4 14. f3 f6 15. Nd3 Qg3+ 16. Qf2 Qxf3 17. Qxf3 Bxf3 18. Rf1 Bxc3+ 19. bxc3 Bxg4 20. Rb1 Bxh5 21. Rb7 Ne7 22. Ba3 Nf5 23. Nc5 0-0 24. Kd2 Nd6 25. Nxe6 Nxb7 26. Bxf8 Rxf8 27. Nxf8 Kxf8 28. Rb1 Nd6 29. Rb8+ Ke7 30. Ra8 a5 31. Ra7+ Kf8 32. Ke1 Nc4 33. Rc7 Bf3 34. Rxc6 Be4 0-1

[Event "Wch U14"]
[Site "Kemer"]
[Date "2009.11.16"]
[Round "5"]
[White "Zhang, David"]
[Black "Sahoo, Utkal Ranjan"]
[Result "0-1"]
[WhiteElo "1998"]
[BlackElo "2219"]
[PlyCount "68"]
[EventDate "2009.11.12"]
[EventType "swiss"]
[EventRounds "11"]
[EventCountry "TUR"]
[SourceTitle "EXT 2010"]
[Source "ChessBase"]
[SourceDate "2010.11.25"]
[SourceVersion "1"]
[SourceVersionDate "2010.11.25"]
[SourceQuality "1"]

1. e4 e5 2. Nf3 Nc6 3. Nc3 Nf6 4. Bb5 Bb4 5. 0-0 0-0 6. d3 d6 7. Bg5 Bxc3 8. bxc3 h6 9. Bc1 a6 10. Ba4 Bg4 11. Rb1 Qc8 12. h3 Bh5 13. Re1 Ne7 14. Qe2 Ng6 15. Kh1 Rb8 16. Rg1 Nf4 17. Bxf4 exf4 18. Kh2 Nh7 19. g4 fxg3+ 20. fxg3 f5 21. Bb3+ Kh8 22. Nh4 Qe8 23. g4 fxg4 24. hxg4 Qe7 25. Qe1 Rf4 26. Qg3 Qg5 27. Be6 Rbf8 28. Bf5 Nf6 29. Nf3 Nxg4+ 30. Kh3 Nf2+ 31. Qxf2 Rxf3+ 32. Qxf3 Qxg1 33. Rxg1 Bxf3 34. Kh4 Rf6 0-1

[Event "Alberta-ch U20"]
[Site "Calgary"]
[Date "2009.11.07"]
[Round "3"]
[White "Miller, David"]
[Black "Zhang, David"]
[Result "1/2-1/2"]
[WhiteElo "1627"]
[BlackElo "2101"]
[PlyCount "52"]
[EventDate "2009.11.07"]
[EventType "tourn"]
[EventRounds "5"]
[EventCountry "CAN"]
[SourceTitle "EXT 2011"]
[Source "ChessBase"]
[SourceDate "2010.11.26"]
[SourceVersion "1"]
[SourceVersionDate "2010.11.26"]
[SourceQuality "1"]

1. Nf3 Nf6 2. g3 d5 3. c4 e6 4. Bg2 c6 5. cxd5 exd5 6. 0-0 Be7 7. d4 0-0 8. Nc3 Bf5 9. Bf4 Nbd7 10. Qb3 Nb6 11. a4 Bd6 12. Bxd6 Qxd6 13. Ne5 Ng4 14. a5 Nd7 15. Nxd7 Qxd7 16. Na4 Qe7 17. e3 Rab8 18. Rfc1 Nf6 19. Nc5 Ne4 20. Nxe4 Bxe4 21. Bxe4 Qxe4 22. Qc2 Qe7 23. Qa4 Qd6 24. a6 bxa6 25. Rxc6 Qd7 26. Rxa6 Qb7 1/2-1/2

[Event "Alberta-ch U20"]
[Site "Calgary"]
[Date "2009.11.07"]
[Round "1"]
[White "Shi, Diwen"]
[Black "Zhang, David"]
[Result "0-1"]
[WhiteElo "1534"]
[BlackElo "2101"]
[PlyCount "52"]
[EventDate "2009.11.07"]
[EventType "tourn"]
[EventRounds "5"]
[EventCountry "CAN"]
[SourceTitle "EXT 2011"]
[Source "ChessBase"]
[SourceDate "2010.11.26"]
[SourceVersion "1"]
[SourceVersionDate "2010.11.26"]
[SourceQuality "1"]

1. Nf3 d5 2. e3 Nf6 3. c4 e6 4. Nc3 Be7 5. Be2 0-0 6. 0-0 c6 7. b3 Nbd7 8. Bb2 a6 9. Rc1 b5 10. cxd5 cxd5 11. Qc2 Bb7 12. d3 Rc8 13. Qd2 Bb4 14. a3 Bd6 15. b4 Qe7 16. Rfd1 Rfd8 17. e4 dxe4 18. dxe4 Ne5 19. Qe3 Nfg4 20. Qb6 Nxf3+ 21. Bxf3 Bxh2+ 22. Kf1 Ne5 23. Rxd8+ Rxd8 24. Nxb5 Nxf3 25. gxf3 axb5 26. Bd4 Bf4 0-1

[Event "CAN-ch U20"]
[Site "Victoria"]
[Date "2009.07.26"]
[Round "4"]
[White "Zhang, David"]
[Black "Wang, Richard"]
[Result "1/2-1/2"]
[WhiteElo "2114"]
[BlackElo "2097"]
[PlyCount "42"]
[EventDate "2009.07.25"]
[EventType "swiss"]
[EventRounds "7"]
[EventCountry "CAN"]
[SourceTitle "EXT 2011"]
[Source "ChessBase"]
[SourceDate "2010.11.26"]
[SourceVersion "1"]
[SourceVersionDate "2010.11.26"]
[SourceQuality "1"]

1. e4 c5 2. Nf3 d6 3. Bb5+ Nd7 4. d4 Ngf6 5. dxc5 Nxe4 6. Bxd7+ Bxd7 7. cxd6 Nxd6 8. 0-0 e6 9. Bf4 Bb5 10. Re1 Be7 11. Nc3 Bc6 12. Ne5 0-0 13. Nxc6 bxc6 14. Qf3 Qb6 15. b3 Nf5 16. Na4 Qa6 17. Rad1 Rad8 18. Be5 c5 19. Qe4 Qb5 20. Nb2 Bd6 21. Bc3 Qb4 1/2-1/2

[Event "CAN-ch U14"]
[Site "Victoria"]
[Date "2009.07.21"]
[Round "1"]
[White "Zhang, David"]
[Black "Kaminski, Thomas"]
[Result "1/2-1/2"]
[WhiteElo "1999"]
[BlackElo "2141"]
[PlyCount "180"]
[EventDate "2009.07.21"]
[EventType "swiss"]
[EventRounds "8"]
[EventCountry "CAN"]
[SourceTitle "EXT 2011"]
[Source "ChessBase"]
[SourceDate "2010.11.26"]
[SourceVersion "1"]
[SourceVersionDate "2010.11.26"]
[SourceQuality "1"]

1. e4 d5 2. exd5 Qxd5 3. Nc3 Qd6 4. d4 Nf6 5. Bc4 a6 6. Nf3 Bg4 7. 0-0 e6 8. h3 Bh5 9. Re1 Be7 10. d5 Bxf3 11. Qxf3 e5 12. Qg3 Nbd7 13. Qxg7 Rg8 14. Qh6 0-0-0 15. a4 Rg6 16. Qd2 Rdg8 17. Bf1 Nb6 18. b3 Nbxd5 19. Ba3 Qc6 20. Nxd5 Nxd5 21. Bxe7 Nxe7 22. g3 Nf5 23. Bg2 Qc5 24. b4 Qb6 25. Kh2 Rd6 26. Qe2 f6 27. b5 a5 28. c4 Nd4 29. Qe4 Rg7 30. c5 Qxc5 31. Qxb7+ Kd7 32. Rac1 Qb6 33. Bc6+ Ke7 34. Qxb6 cxb6 35. Be4 Kd8 36. Rc3 Ne6 37. Rd3 Rxd3 38. Bxd3 Nc5 39. Rd1 Rd7 40. Bc2 Rxd1 41. Bxd1 Ke7 42. g4 Kd6 43. h4 h6 44. Kg3 Kd5 45. f4 Nd3 46. fxe5 Kxe5 47. Kf3 Nf4 48. Bc2 Ne6 49. Ke3 Nd4 50. Bd1 f5 51. g5 hxg5 52. hxg5 Ne6 53. g6 Kf6 54. Kd3 Kxg6 55. Kc4 Nf4 56. Kd4 Kf6 57. Bf3 Ke6 58. Bb7 Ne2+ 59. Kd3 Ng3 60. Kd4 Nh5 61. Bc8+ Kd6 62. Bxf5 Ng7 63. Bg4 Ne8 64. Bf5 Nf6 65. Bh3 Nd5 66. Bg4 Nf4 67. Ke4 Ng6 68. Kd4 Ne5 69. Be2 Nd7 70. Bd1 Nc5 71. Bc2 Ne6+ 72. Kc4 Ke5 73. Bb1 Nc7 74. Bg6 Nd5 75. Bf7 Nf4 76. Bg8 Ne2 77. Kd3 Ng3 78. Kc4 Ne4 79. Bh7 Nd6+ 80. Kc3 Kd5 81. Bd3 Kc5 82. Bg6 Nc4 83. Bf7 Ne5 84. Bh5 Nd7 85. Bg4 Nf6 86. Bf3 Nh7 87. Be4 Ng5 88. Bg2 Ne6 89. Be4 Nd4 90. Bh7 Ne2+ 1/2-1/2

[Event "Canadian op"]
[Site "Edmonton"]
[Date "2009.07.11"]
[Round "1.75"]
[White "Zhang, David"]
[Black "MacKay, David"]
[Result "1-0"]
[WhiteElo "1999"]
[BlackElo "1202"]
[PlyCount "37"]
[EventDate "2009.07.11"]
[EventType "swiss"]
[EventRounds "9"]
[EventCountry "CAN"]
[SourceTitle "EXT 2022"]
[Source "ChessBase"]
[SourceDate "2021.10.06"]
[SourceVersion "1"]
[SourceVersionDate "2021.10.06"]
[SourceQuality "1"]

1. e4 Nc6 2. Nf3 d6 3. Nc3 Nf6 4. d4 Ng4 5. Bb5 Nxf2 6. Kxf2 Bd7 7. Rf1 Bg4 8. d5 Bxf3 9. Qxf3 Qd7 10. Kg1 a6 11. Qxf7+ Kd8 12. dxc6 bxc6 13. Qxf8+ Rxf8 14. Rxf8+ Qe8 15. Rxe8+ Kxe8 16. Bxc6+ Kd8 17. Bg5 Rb8 18. Rf1 Rxb2 19. Rf8# 1-0

[Event "Calgary Schleinich Memorial"]
[Site "Calgary"]
[Date "2009.01.03"]
[Round "3"]
[White "Daniluk, Jim"]
[Black "Zhang, David"]
[Result "1/2-1/2"]
[WhiteElo "1929"]
[BlackElo "1935"]
[PlyCount "52"]
[EventDate "2009.01.02"]
[EventType "tourn"]
[EventRounds "5"]
[EventCountry "CAN"]
[SourceTitle "EXT 2011"]
[Source "ChessBase"]
[SourceDate "2010.11.26"]
[SourceVersion "1"]
[SourceVersionDate "2010.11.26"]
[SourceQuality "1"]

1. d4 d5 2. Nf3 Nf6 3. c4 c6 4. Nc3 e6 5. g3 Nbd7 6. Bg2 Bd6 7. Qc2 0-0 8. e4 dxe4 9. Ng5 e5 10. dxe5 Bxe5 11. 0-0 h6 12. Ngxe4 Nxe4 13. Nxe4 Nf6 14. Be3 Nxe4 15. Bxe4 Qf6 16. Rab1 Bh3 17. Rfd1 Rfd8 18. Rxd8+ Rxd8 19. Qb3 Bf5 20. Bxf5 Qxf5 21. Rf1 b6 22. Qa4 Qd7 23. b4 Bf6 24. Rc1 h5 25. h4 Be5 26. Kg2 Bf6 1/2-1/2

[Event "Calgary Schleinich Memorial"]
[Site "Calgary"]
[Date "2009.01.03"]
[Round "2"]
[White "Pedersen, Rick"]
[Black "Zhang, David"]
[Result "1-0"]
[WhiteElo "1891"]
[BlackElo "1935"]
[PlyCount "81"]
[EventDate "2009.01.02"]
[EventType "tourn"]
[EventRounds "5"]
[EventCountry "CAN"]
[SourceTitle "EXT 2011"]
[Source "ChessBase"]
[SourceDate "2010.11.26"]
[SourceVersion "1"]
[SourceVersionDate "2010.11.26"]
[SourceQuality "1"]

1. d3 d5 2. g3 e5 3. Nf3 Bd6 4. Nbd2 Nf6 5. Bg2 0-0 6. 0-0 c6 7. e4 Bg4 8. h3 Bh5 9. c3 Re8 10. Re1 Nbd7 11. Nf1 Bg6 12. Nh4 dxe4 13. dxe4 Bc5 14. Nxg6 hxg6 15. Qe2 Qe7 16. a4 a5 17. Bg5 Rad8 18. Ne3 Nf8 19. Nc4 Qc7 20. Rad1 Ne6 21. Be3 Nd7 22. Qc2 b5 23. Bxc5 Ndxc5 24. axb5 cxb5 25. Ne3 Na6 26. Nd5 Qc5 27. Rd2 Nec7 28. Red1 Nxd5 29. exd5 f5 30. d6 e4 31. Qb3+ Qc4 32. Qxc4+ bxc4 33. Bf1 Nc5 34. Bxc4+ Kh7 35. Rd5 Na4 36. Bb5 Nb6 37. Bxe8 Nxd5 38. Rxd5 Rxe8 39. c4 Kg8 40. c5 Kf7 41. c6 1-0

[Event "CAN-ch U14"]
[Site "Quebec"]
[Date "2008.07.16"]
[Round "6"]
[White "Zhang, David"]
[Black "Keith Jacques, Liam"]
[Result "1/2-1/2"]
[WhiteElo "1811"]
[BlackElo "2040"]
[PlyCount "142"]
[EventDate "2008.07.14"]
[EventType "swiss"]
[EventRounds "7"]
[EventCountry "CAN"]
[SourceTitle "EXT 2011"]
[Source "ChessBase"]
[SourceDate "2010.11.26"]
[SourceVersion "1"]
[SourceVersionDate "2010.11.26"]
[SourceQuality "1"]

1. e4 c5 2. Nf3 d6 3. d4 cxd4 4. Nxd4 Nf6 5. Nc3 a6 6. Bc4 e6 7. Bb3 b5 8. f3 Be7 9. Be3 Qc7 10. 0-0 0-0 11. Qd2 Nc6 12. Rad1 Bb7 13. Kh1 Rfe8 14. Rfe1 Ne5 15. Qe2 Rac8 16. Nxe6 fxe6 17. Bxe6+ Kh8 18. Bxc8 Rxc8 19. Rc1 Nc4 20. Nd1 d5 21. exd5 Nxd5 22. Bf2 Qf4 23. Nc3 Bd6 24. Bg3 Nxc3 25. bxc3 Qf6 26. Bxd6 Nxd6 27. Qe6 Rf8 28. Qxf6 Rxf6 29. Red1 Kg8 30. Kg1 Kf7 31. Rd4 Re6 32. Rb1 Nc4 33. Rxc4 bxc4 34. Rxb7+ Kf6 35. Rc7 Re1+ 36. Kf2 Rc1 37. Rc6+ Kf7 38. Kg3 Rxc2 39. Rxc4 Rxa2 40. Rc6 a5 41. Ra6 a4 42. c4 a3 43. c5 Rc2 44. Rxa3 Rxc5 45. Ra4 Rc3 46. Rf4+ Kg6 47. Rb4 Ra3 48. Re4 Rc3 49. Kf2 Rc2+ 50. Re2 Rc4 51. g3 Rd4 52. h4 Ra4 53. Rb2 Rc4 54. Rb6+ Kf7 55. Rb5 Rc2+ 56. Ke3 Rc3+ 57. Ke4 Rc1 58. Rd5 Ke6 59. Re5+ Kf6 60. Kf4 Rc3 61. Re4 Rc1 62. g4 Rc3 63. Ra4 Rc6 64. g5+ Kg6 65. Kg4 Rc7 66. Rf4 h5+ 67. Kg3 Rc6 68. Rf8 Ra6 69. f4 Ra3+ 70. Kf2 Ra2+ 71. Ke3 Ra3+ 1/2-1/2

[Event "CAN-ch U14"]
[Site "Quebec"]
[Date "2008.07.14"]
[Round "2"]
[White "Parker, Dylan"]
[Black "Zhang, David"]
[Result "0-1"]
[WhiteElo "1512"]
[BlackElo "1811"]
[PlyCount "104"]
[EventDate "2008.07.14"]
[EventType "swiss"]
[EventRounds "7"]
[EventCountry "CAN"]
[SourceTitle "EXT 2011"]
[Source "ChessBase"]
[SourceDate "2010.11.26"]
[SourceVersion "1"]
[SourceVersionDate "2010.11.26"]
[SourceQuality "1"]

1. e4 e5 2. Nf3 Nc6 3. Nc3 Nf6 4. Bb5 Bb4 5. 0-0 0-0 6. d3 d6 7. Bg5 Bxc3 8. bxc3 h6 9. Bh4 Bg4 10. h3 Bh5 11. Re1 a6 12. Ba4 b5 13. Bb3 Re8 14. Bd5 Qd7 15. Bxf6 gxf6 16. g4 Bg6 17. Qd2 Kg7 18. Nh4 Rad8 19. f4 Ne7 20. Bb3 exf4 21. Qxf4 Nc6 22. Rf1 Qe7 23. Nf5+ Bxf5 24. gxf5 Kh7 25. Kh1 Rg8 26. Rg1 Rg5 27. h4 Rgg8 28. Rxg8 Rxg8 29. Rg1 Qf8 30. Rxg8 Qxg8 31. Qf3 Qg7 32. d4 Na5 33. Qg2 Qf8 34. Qg4 Qe7 35. Kg2 c6 36. Kf3 Nc4 37. Bxc4 bxc4 38. Qf4 a5 39. Kg4 Qf8 40. Kh5 a4 41. d5 c5 42. a3 Qg7 43. Qxd6 Qg2 44. Qf4 Qe2+ 45. Qg4 Qxc2 46. Qf3 Qc1 47. Qe2 Qxc3 48. Qd1 Qd3 49. Qg4 c3 50. e5 fxe5 51. d6 Qxd6 52. Qe4 Qd1+ 0-1